00657cam a22001697a 4500040000800000082002600008245015400034260007600188300004500264500001700309650001700326650003400343710002700377710005900404942000700463999001700470 cDLC a823 NAT 1991 A097 Or.00aEnvironmental impact assessment of Gas Sweetening Plant, Phase II and NGL Fractionation and Dearomatisation Plant at Gas Processing Complex, Hazira / aNagpur :bNational Environmental Engineering Research Institute,c1991. axi, 201, [13] p. :bill., maps ;c30 cm. aCover title. 0aGas industry 0aEnvironmental impact analysis2 aHazira Project (India)2 aNational Environmental Engineering Research Institute. cEK c15081d15081